[Event "SRI-ch"]
[Site "Colombo"]
[Date "2018.05.07"]
[Round "7"]
[White "Dissanayake, RKT"]
[Black "Koggala, WS Vidura K"]
[Result "0-1"]
[WhiteElo "1859"]
[BlackElo "2015"]
[PlyCount "145"]
[EventDate "2018.05.04"]
[EventType "tourn"]
[EventRounds "13"]
[EventCountry "SRI"]
[SourceTitle "CBM 184 Extra"]
[Source "ChessBase"]
[SourceDate "2018.06.28"]
[SourceVersion "1"]
[SourceVersionDate "2018.06.28"]
[SourceQuality "1"]

1. e4 c5 2. Nf3 d6 3. d4 cxd4 4. Nxd4 Nf6 5. Nc3 g6 6. Be3 a6 7. f3 b5 8. Be2 Bb7 9. Qd2 Nbd7 10. g4 h6 11. h4 b4 12. Nd1 e5 13. Nb3 d5 14. exd5 Nxd5 15. Bf2 Nf4 16. Ne3 a5 17. 0-0-0 Nxe2+ 18. Qxe2 a4 19. Nd2 Qc7 20. Kb1 Bc5 21. Ne4 Bxe4 22. fxe4 Qa7 23. Rhf1 0-0 24. Nd5 a3 25. b3 Bxf2 26. Rxf2 Qc5 27. h5 Nb6 28. Qe3 Qxe3 29. Nxe3 Rac8 30. Rd6 Rc3 31. Nd1 Nc8 32. Rdf6 Rg3 33. hxg6 Rxg4 34. gxf7+ Kg7 35. R6f3 Nd6 36. Ne3 Rg1+ 37. Rf1 Rxf1+ 38. Rxf1 Rxf7 39. Rxf7+ Kxf7 40. Ng4 h5 41. Nxe5+ Kg7 42. Nf3 Nxe4 43. c4 Kf6 44. Kc2 Nc5 45. Kc1 Kf5 46. Kd2 Kf4 47. Nd4 h4 48. Ke2 Ne4 49. Ne6+ Ke5 50. Ke3 h3 51. Nd4 Nc3 52. Nf3+ Kd6 53. Kd4 Nxa2 54. c5+ Kc7 55. Kd3 Nc3 56. Kc2 Kc6 57. Nh2 Kxc5 58. Nf3 Kd5 59. Nh2 Ke4 60. Ng4 Kf4 61. Nh2 Kg3 62. Nf1+ Kf2 63. Nh2 Kg2 64. Ng4 h2 65. Nxh2 Kxh2 66. Kc1 Kg3 67. Kc2 Kf4 68. Kc1 Ke4 69. Kc2 Kd4 70. Kc1 Ne4 71. Kc2 Nc5 72. Kc1 Kc3 73. Kb1 0-1

[Event "SRI-ch"]
[Site "Colombo"]
[Date "2018.05.04"]
[Round "1"]
[White "Koggala, WS Vidura K"]
[Black "Jayawardana, Lasal"]
[Result "1-0"]
[WhiteElo "2015"]
[BlackElo "1909"]
[PlyCount "125"]
[EventDate "2018.05.04"]
[EventType "tourn"]
[EventRounds "13"]
[EventCountry "SRI"]
[SourceTitle "CBM 184 Extra"]
[Source "ChessBase"]
[SourceDate "2018.06.28"]
[SourceVersion "1"]
[SourceVersionDate "2018.06.28"]
[SourceQuality "1"]

1. d4 Nf6 2. Bf4 e6 3. e3 b6 4. c3 Bb7 5. Nd2 Be7 6. h3 0-0 7. Ngf3 d6 8. Bd3 c5 9. Qe2 Nh5 10. Bh2 f5 11. e4 f4 12. e5 d5 13. Ng5 Bxg5 14. Qxh5 Bh6 15. Nf3 Nc6 16. Qg4 Bc8 17. Rd1 Bd7 18. h4 Ne7 19. Ng5 Bxg5 20. hxg5 g6 21. Bxf4 c4 22. Bb1 a5 23. Ke2 Rf7 24. Rh3 Qf8 25. g3 b5 26. Rdh1 Rb8 27. Rh6 Qg7 28. Bc1 Rb6 29. f4 Qf8 30. Qh3 Qg7 31. g4 Ra6 32. b3 b4 33. Bc2 Rc6 34. Bd2 Rb6 35. Rb1 Bb5 36. Ke1 Qf8 37. bxc4 Bxc4 38. Rb2 Qc8 39. cxb4 axb4 40. Bd3 Qa6 41. Bb1 Rb7 42. Qe3 Qa7 43. Rxb4 Nc6 44. Rxb7 Rxb7 45. Bxg6 hxg6 46. Rxg6+ Kf7 47. Rf6+ Ke7 48. g6 Qa8 49. Qh3 Rb1+ 50. Kf2 Kd7 51. Qh7+ Ne7 52. Rf7 Rf1+ 53. Kg2 Qa3 54. Rxe7+ Qxe7 55. Bb4 Qxh7 56. gxh7 Rb1 57. Bf8 Rb2+ 58. Kg3 Rxa2 59. h8Q Kc6 60. Qg8 Kb5 61. Qxe6 Ka4 62. Qb6 Bb5 63. Qc5 1-0

[Event "SRI-chB"]
[Site "Colombo"]
[Date "2016.03.21"]
[Round "9"]
[White "Koggala, WS Vidura K"]
[Black "Randil, Lakshita"]
[Result "1/2-1/2"]
[WhiteElo "2025"]
[BlackElo "1885"]
[PlyCount "43"]
[EventDate "2016.03.12"]
[EventType "swiss"]
[EventRounds "10"]
[EventCountry "SRI"]
[SourceTitle "CBM 171 Extra"]
[Source "ChessBase"]
[SourceDate "2016.04.26"]
[SourceVersion "1"]
[SourceVersionDate "2016.04.26"]
[SourceQuality "1"]

1. Nf3 d5 2. d4 c6 3. g3 Nf6 4. Bg2 g6 5. 0-0 Bg7 6. Nbd2 0-0 7. c4 a5 8. b3 Bf5 9. Bb2 Ne4 10. Nh4 Nxd2 11. Qxd2 Be6 12. Rac1 Nd7 13. cxd5 cxd5 14. Nf3 Nf6 15. Ba3 Re8 16. Qf4 a4 17. Rb1 Bf5 18. Rb2 Qa5 19. bxa4 Qxa4 20. Bc5 Ne4 21. Bb4 Rac8 22. g4 1/2-1/2

[Event "SRI-chB"]
[Site "Colombo"]
[Date "2016.03.20"]
[Round "7"]
[White "Koggala, WS Vidura K"]
[Black "Amarasinghe, AACB"]
[Result "1-0"]
[WhiteElo "2025"]
[BlackElo "1864"]
[PlyCount "80"]
[EventDate "2016.03.12"]
[EventType "swiss"]
[EventRounds "10"]
[EventCountry "SRI"]
[SourceTitle "CBM 171 Extra"]
[Source "ChessBase"]
[SourceDate "2016.04.26"]
[SourceVersion "1"]
[SourceVersionDate "2016.04.26"]
[SourceQuality "1"]

1. d4 f5 2. Nf3 Nf6 3. Bg5 g6 4. Nbd2 Bg7 5. e3 b6 6. Bc4 d5 7. Bb3 e6 8. c4 c6 9. Ne5 0-0 10. h4 Qe8 11. Bxf6 Bxf6 12. g4 Bxe5 13. dxe5 Nd7 14. f4 Nc5 15. Bc2 a5 16. h5 Ra7 17. Qf3 Ne4 18. Bxe4 fxe4 19. Qh3 Rg7 20. 0-0-0 Ba6 21. g5 a4 22. Qg4 Rf5 23. hxg6 Qxg6 24. Rh2 h6 25. Rdh1 hxg5 26. Rh6 Qxh6 27. Rxh6 gxf4 28. Rg6 Rxg6 29. Qxg6+ Kf8 30. Qxe6 Rf7 31. Qd6+ Kg7 32. e6 fxe3 33. exf7 exd2+ 34. Kxd2 Kxf7 35. cxd5 cxd5 36. Qxd5+ Ke7 37. Qxe4+ Kd6 38. Qxa4 Bb7 39. Qd4+ Kc7 40. a4 Kc6 1-0

[Event "SRI-chB"]
[Site "Colombo"]
[Date "2016.03.19"]
[Round "6"]
[White "Liyanapathirana, Pasan Vindula"]
[Black "Koggala, WS Vidura K"]
[Result "0-1"]
[WhiteElo "1905"]
[BlackElo "2025"]
[PlyCount "98"]
[EventDate "2016.03.12"]
[EventType "swiss"]
[EventRounds "10"]
[EventCountry "SRI"]
[SourceTitle "CBM 171 Extra"]
[Source "ChessBase"]
[SourceDate "2016.04.26"]
[SourceVersion "1"]
[SourceVersionDate "2016.04.26"]
[SourceQuality "1"]

1. c4 e5 2. Nc3 Nc6 3. g3 Bb4 4. Bg2 Nf6 5. d3 h6 6. e4 d6 7. Nge2 0-0 8. a3 Bc5 9. 0-0 Bd7 10. b4 Bb6 11. Na4 Qc8 12. Nxb6 axb6 13. Be3 Bh3 14. f3 Nh7 15. g4 Bxg2 16. Kxg2 Qd7 17. h3 Ra7 18. f4 exf4 19. Nxf4 Rfa8 20. b5 Ne5 21. Bc1 c6 22. bxc6 bxc6 23. Bb2 Nf6 24. Qe2 Ra4 25. Rac1 c5 26. Kh2 b5 27. Rg1 bxc4 28. dxc4 Qb7 29. Nd5 Nxe4 30. Rb1 Nd2 31. Bxe5 Nxb1 32. Bb2 Nxa3 33. Qf3 Qxb2+ 34. Kh1 Qe5 35. Nb6 R8a7 36. Nxa4 Rxa4 37. Rf1 Qe8 38. Rd1 Nxc4 39. Rg1 Qa8 40. Qxa8+ Rxa8 41. Rc1 d5 42. Rd1 Ne3 43. Rd3 d4 44. Kg1 Ra2 45. Rb3 c4 46. Rb8+ Kh7 47. Rc8 Rd2 48. h4 c3 49. g5 c2 0-1

[Event "SRI-chB"]
[Site "Colombo"]
[Date "2016.03.12"]
[Round "2"]
[White "Kuruppu, Supun Dasantha"]
[Black "Koggala, WS Vidura K"]
[Result "0-1"]
[WhiteElo "1842"]
[BlackElo "2025"]
[PlyCount "48"]
[EventDate "2016.03.12"]
[EventType "swiss"]
[EventRounds "10"]
[EventCountry "SRI"]
[SourceTitle "CBM 171 Extra"]
[Source "ChessBase"]
[SourceDate "2016.04.26"]
[SourceVersion "1"]
[SourceVersionDate "2016.04.26"]
[SourceQuality "1"]

1. d4 Nf6 2. c4 c5 3. d5 g6 4. Nc3 Bg7 5. e4 d6 6. f4 0-0 7. Nf3 e6 8. Be2 exd5 9. cxd5 b5 10. Bxb5 Nxe4 11. Nxe4 Qa5+ 12. Qd2 Qxb5 13. Nxd6 Qa6 14. Nxc8 Re8+ 15. Kf2 Nd7 16. Re1 Raxc8 17. Kg1 Rxe1+ 18. Qxe1 Nf6 19. Ne5 Nxd5 20. Qd2 Qe6 21. Nf3 Re8 22. Qf2 Nb4 23. Qxc5 Nd3 24. Qc2 Qe1+ 0-1